000 00383 a2200169 4500
001 185623
020 _a85-08-03733-3
040 _cMagnum
100 _aAndersen, Hans Christian
240 1 0 _aContos de Andersen
_lpor
245 1 0 _aContos de Andersen
300 _a116
362 0 _a2002
440 1 _aÁtica
697 _aLITERATURA INFANTO-JUVENIL ESTRANGEIRA
942 _cBK
999 _c185623
_d185623